Open Data Biblioteca Nacional de Portugal


República Portuguesa: Ministério da Cultura
Biblioteca Nacional de Portugal

Catálogo da BNP: acesso por Identificadores Unívocos
Registos Bibliográficos associados ao registo de autoridade

Etiqueta de registo: 00000nam 2200025 450
001 2282267
003 http://id.bnportugal.gov.pt/bib/catbnp/2282267
100 ## $a20260320d2025 k y0pory01030103ba
101 0# $aeng$dpor
102 ## $aPT
105 ## $aa m 000yy
106 ## $ar
200 1# $aEcossistemas empreendedores e desenvolvimento local sustentável em municípios de baixa densidade portugueses$dEntrepreneurial ecosystems and the sustainable local development in Portuguese low-density municipalities$fJoão Manuel Lopes de Almeida$gorient. Ana Isabel Dias Daniel$zeng
210 #9 $aAveiro$c[s.n.],$d2025
215 ## $aXXII, 283 p.$cil.$d30 cm
328 #1 $aTese dout. Ciências Económicas e Empresariais, Universidade de Aveiro, 2025
510 1# $aEntrepreneurial ecosystems and the sustainable local development in portuguese low-density municipalities$zeng
675 ## $a332.1(469)(043)$vBN$zpor$31246923
675 ## $a352(469)(043)$vBN$zpor$31220375
700 #1 $aAlmeida,$bJoão Manuel Lopes de$31992850
702 #1 $aDaniel,$bAna Isabel Dias$4727$31822636
801 #0 $aPT$bBN$gRPC
966 ## $lBN$mFGMON$sS.C. 168782 V.$x1
971 ## $corlando$d20260320
973 ## $ctrodrigues$d20260324
975 ## $e0$d20260422$viquintas

OpendataBNP@bnportugal.pt | Mais informação sobre acesso aos dados BNP